00426pab a2200133 454500008004000000100002400040245010900064260000900173300001500182362000800197650002500205650001900230773004300249180718b2002 xxu||||| |||| 00| 0 eng d aNello, Susan Senior aPreparing for enlargement in the European Union: the tensions between economic and political integration c2002 ap.291-317. aJul aEconomic integration aEuropean Union aInternational Political Science Review